<?xml version="1.0" encoding="UTF-8"?>
<collection xmlns="http://www.loc.gov/MARC21/slim">
 <record>
  <leader>08636cam a2201177   4500</leader>
  <controlfield tag="001">645104205</controlfield>
  <controlfield tag="003">DE-627</controlfield>
  <controlfield tag="005">20241214213125.0</controlfield>
  <controlfield tag="007">tu</controlfield>
  <controlfield tag="008">110202s2011    gw ||||| cc   00| ||ger c</controlfield>
  <datafield tag="010" ind1=" " ind2=" ">
   <subfield code="a">  2011447943</subfield>
  </datafield>
  <datafield tag="015" ind1=" " ind2=" ">
   <subfield code="a">11,N05</subfield>
   <subfield code="2">dnb</subfield>
  </datafield>
  <datafield tag="016" ind1="7" ind2=" ">
   <subfield code="a">1009739107</subfield>
   <subfield code="2">DE-101</subfield>
  </datafield>
  <datafield tag="020" ind1=" " ind2=" ">
   <subfield code="a">9783981298635</subfield>
   <subfield code="c"> (Museumsausg.)</subfield>
   <subfield code="9">978-3-9812986-3-5</subfield>
  </datafield>
  <datafield tag="020" ind1=" " ind2=" ">
   <subfield code="a">9783803033536</subfield>
   <subfield code="c">Gb. : ca. EUR 39.80 (DE), ca. EUR 40.90 (AT), ca. sfr 61.90 (freier Pr.)</subfield>
   <subfield code="9">978-3-8030-3353-6</subfield>
  </datafield>
  <datafield tag="035" ind1=" " ind2=" ">
   <subfield code="a">(DE-627)645104205</subfield>
  </datafield>
  <datafield tag="035" ind1=" " ind2=" ">
   <subfield code="a">(DE-576)343441055</subfield>
  </datafield>
  <datafield tag="035" ind1=" " ind2=" ">
   <subfield code="a">(DE-599)DNB1009739107</subfield>
  </datafield>
  <datafield tag="035" ind1=" " ind2=" ">
   <subfield code="a">(OCoLC)729928750</subfield>
  </datafield>
  <datafield tag="035" ind1=" " ind2=" ">
   <subfield code="a">(OCoLC)729928750</subfield>
  </datafield>
  <datafield tag="035" ind1=" " ind2=" ">
   <subfield code="a">(OCoLC)1078759145</subfield>
  </datafield>
  <datafield tag="040" ind1=" " ind2=" ">
   <subfield code="a">DE-627</subfield>
   <subfield code="b">ger</subfield>
   <subfield code="c">DE-627</subfield>
   <subfield code="e">rakwb</subfield>
  </datafield>
  <datafield tag="041" ind1=" " ind2=" ">
   <subfield code="a">ger</subfield>
  </datafield>
  <datafield tag="044" ind1=" " ind2=" ">
   <subfield code="c">XA-DE-BW</subfield>
  </datafield>
  <datafield tag="050" ind1=" " ind2="0">
   <subfield code="a">N6868</subfield>
  </datafield>
  <datafield tag="082" ind1="0" ind2="4">
   <subfield code="a">700</subfield>
   <subfield code="q">DNB</subfield>
  </datafield>
  <datafield tag="084" ind1=" " ind2=" ">
   <subfield code="a">9,10</subfield>
   <subfield code="2">ssgn</subfield>
  </datafield>
  <datafield tag="084" ind1=" " ind2=" ">
   <subfield code="a">LH 38720</subfield>
   <subfield code="2">rvk</subfield>
   <subfield code="0">(DE-625)rvk/93301:</subfield>
  </datafield>
  <datafield tag="084" ind1=" " ind2=" ">
   <subfield code="a">LH 84380</subfield>
   <subfield code="2">rvk</subfield>
   <subfield code="0">(DE-625)rvk/95300:</subfield>
  </datafield>
  <datafield tag="084" ind1=" " ind2=" ">
   <subfield code="a">LK 85390</subfield>
   <subfield code="2">rvk</subfield>
   <subfield code="0">(DE-625)rvk/98574:</subfield>
  </datafield>
  <datafield tag="084" ind1=" " ind2=" ">
   <subfield code="a">LH 48720</subfield>
   <subfield code="2">rvk</subfield>
   <subfield code="0">(DE-625)rvk/93708:</subfield>
  </datafield>
  <datafield tag="084" ind1=" " ind2=" ">
   <subfield code="a">07</subfield>
   <subfield code="2">bwlb</subfield>
  </datafield>
  <datafield tag="084" ind1=" " ind2=" ">
   <subfield code="a">863</subfield>
   <subfield code="2">bwlb</subfield>
  </datafield>
  <datafield tag="084" ind1=" " ind2=" ">
   <subfield code="a">21.32</subfield>
   <subfield code="2">bkl</subfield>
  </datafield>
  <datafield tag="084" ind1=" " ind2=" ">
   <subfield code="a">20.31</subfield>
   <subfield code="2">bkl</subfield>
  </datafield>
  <datafield tag="084" ind1=" " ind2=" ">
   <subfield code="a">20.26</subfield>
   <subfield code="2">bkl</subfield>
  </datafield>
  <datafield tag="245" ind1="1" ind2="0">
   <subfield code="a">Kollwitz - Beckmann - Dix - Grosz. Kriegszeit</subfield>
   <subfield code="b">[anlässlich der Ausstellung &quot;Kollwitz - Beckmann - Dix - Grosz. Kriegszeit&quot;, 30. April bis 7. August 2011, Staatsgalerie Stuttgart]</subfield>
   <subfield code="c">[Herausgeber: Staatsgalerie Stuttgart. Texte: Corinna Höper ...]</subfield>
  </datafield>
  <datafield tag="264" ind1=" " ind2="1">
   <subfield code="a">Tübingen</subfield>
   <subfield code="a">Berlin</subfield>
   <subfield code="b">Wasmuth</subfield>
   <subfield code="c">2011</subfield>
  </datafield>
  <datafield tag="300" ind1=" " ind2=" ">
   <subfield code="a">212 Seiten</subfield>
   <subfield code="b">Illustrationen</subfield>
   <subfield code="c">29 cm</subfield>
  </datafield>
  <datafield tag="336" ind1=" " ind2=" ">
   <subfield code="a">Text</subfield>
   <subfield code="b">txt</subfield>
   <subfield code="2">rdacontent</subfield>
  </datafield>
  <datafield tag="336" ind1=" " ind2=" ">
   <subfield code="a">unbewegtes Bild</subfield>
   <subfield code="b">sti</subfield>
   <subfield code="2">rdacontent</subfield>
  </datafield>
  <datafield tag="337" ind1=" " ind2=" ">
   <subfield code="a">ohne Hilfsmittel zu benutzen</subfield>
   <subfield code="b">n</subfield>
   <subfield code="2">rdamedia</subfield>
  </datafield>
  <datafield tag="338" ind1=" " ind2=" ">
   <subfield code="a">Band</subfield>
   <subfield code="b">nc</subfield>
   <subfield code="2">rdacarrier</subfield>
  </datafield>
  <datafield tag="500" ind1=" " ind2=" ">
   <subfield code="a">Bibliogr. S. 200 - 209</subfield>
  </datafield>
  <datafield tag="520" ind1=" " ind2=" ">
   <subfield code="a">Im Mittelpunkt der Ausstellung und dieser begleitenden Publikation steht das Schaffen von Käthe Kollwitz (1867 – 1945). Das Werk dieser außergewöhnlichen Künstlerin ist bestimmt von erschütternden Themen wie Tod, Hunger und Krieg. Ihr schonungslos ehrlicher Blick konfrontiert den Betrachter mit den Schrecken und Grausamkeiten des Krieges, appelliert jedoch zugleich an dessen Mitgefühl und Menschlichkeit. Die Staatsgalerie Stuttgart verfügt mit einem Bestand von rund 100 Zeichnungen und Druckgraphiken über eine der international wichtigsten Kollwitz-Sammlungen, die seit über 40 Jahren erstmals wieder vollständig präsentiert wird. Die ausgestellten Arbeiten, darunter das eindrucksvolle frühe »Selbstbildnis« von 1892 sowie ihre letzte Lithographienfolge »Tod« (1934/1935), zeigen sämtliche Facetten ihres künstlerischen Schaffens. Ergänzt wird die Ausstellung von Werken ihrer Zeitgenossen aus den Jahren 1914 bis 1945. Neben Gemälden von Max Beckmann, Ludwig Meidner, Otto Dix und George Grosz wird die aufrüttelnde Folge von Radierungen »Der Krieg« (1924) von Otto Dix ebenso wie die selten gezeigte Lithographienserie »Die Verdammten« (1945) von Otto Hermann zu sehen sein. Die existentiellen Themen und das wiederkehrende Motiv der Sinnlosigkeit des Krieges stellen damit das Werk von Käthe Kollwitz in den Kontext ihrer Zeit</subfield>
  </datafield>
  <datafield tag="583" ind1="1" ind2=" ">
   <subfield code="a">Archivierung/Langzeitarchivierung gewährleistet</subfield>
   <subfield code="f">PEBW</subfield>
   <subfield code="x">XA-DE-BW</subfield>
   <subfield code="2">pdager</subfield>
   <subfield code="5">DE-24</subfield>
  </datafield>
  <datafield tag="583" ind1="1" ind2=" ">
   <subfield code="a">Archivierung/Langzeitarchivierung gewährleistet</subfield>
   <subfield code="f">SSG</subfield>
   <subfield code="x">XA-DE-BW</subfield>
   <subfield code="2">pdager</subfield>
   <subfield code="5">DE-16</subfield>
  </datafield>
  <datafield tag="600" ind1="1" ind2="0">
   <subfield code="a">Kollwitz, Käthe</subfield>
   <subfield code="d">1867-1945</subfield>
   <subfield code="v">Exhibitions</subfield>
  </datafield>
  <datafield tag="600" ind1="1" ind2="0">
   <subfield code="a">Beckmann, Max</subfield>
   <subfield code="d">1884-1950</subfield>
   <subfield code="v">Exhibitions</subfield>
  </datafield>
  <datafield tag="600" ind1="1" ind2="0">
   <subfield code="a">Dix, Otto</subfield>
   <subfield code="d">1891-1969</subfield>
   <subfield code="v">Exhibitions</subfield>
  </datafield>
  <datafield tag="600" ind1="1" ind2="0">
   <subfield code="a">Grosz, George</subfield>
   <subfield code="d">1893-1959</subfield>
   <subfield code="v">Exhibitions</subfield>
  </datafield>
  <datafield tag="600" ind1="1" ind2="7">
   <subfield code="0">(DE-588)118526103</subfield>
   <subfield code="0">(DE-627)079327265</subfield>
   <subfield code="0">(DE-576)160747902</subfield>
   <subfield code="a">Dix, Otto</subfield>
   <subfield code="d">1891-1969</subfield>
   <subfield code="2">gnd</subfield>
   <subfield code="7">(dpeaa)DE-631</subfield>
  </datafield>
  <datafield tag="600" ind1="1" ind2="7">
   <subfield code="0">(DE-588)118508210</subfield>
   <subfield code="0">(DE-627)189527722</subfield>
   <subfield code="0">(DE-576)160220440</subfield>
   <subfield code="a">Beckmann, Max</subfield>
   <subfield code="d">1884-1950</subfield>
   <subfield code="2">gnd</subfield>
   <subfield code="7">(dpeaa)DE-631</subfield>
  </datafield>
  <datafield tag="600" ind1="1" ind2="7">
   <subfield code="0">(DE-588)118603760</subfield>
   <subfield code="0">(DE-627)079395171</subfield>
   <subfield code="0">(DE-576)209089911</subfield>
   <subfield code="a">Rudolph, Wilhelm</subfield>
   <subfield code="d">1889-1982</subfield>
   <subfield code="2">gnd</subfield>
   <subfield code="7">(dpeaa)DE-631</subfield>
  </datafield>
  <datafield tag="600" ind1="1" ind2="7">
   <subfield code="0">(DE-588)118564943</subfield>
   <subfield code="0">(DE-627)141646128</subfield>
   <subfield code="0">(DE-576)208994238</subfield>
   <subfield code="a">Kollwitz, Käthe</subfield>
   <subfield code="d">1867-1945</subfield>
   <subfield code="2">gnd</subfield>
   <subfield code="7">(dpeaa)DE-631</subfield>
  </datafield>
  <datafield tag="600" ind1="1" ind2="7">
   <subfield code="0">(DE-588)118732579</subfield>
   <subfield code="0">(DE-627)136299326</subfield>
   <subfield code="0">(DE-576)162185979</subfield>
   <subfield code="a">Meidner, Ludwig</subfield>
   <subfield code="d">1884-1966</subfield>
   <subfield code="2">gnd</subfield>
   <subfield code="7">(dpeaa)DE-631</subfield>
  </datafield>
  <datafield tag="600" ind1="1" ind2="7">
   <subfield code="0">(DE-588)118542672</subfield>
   <subfield code="0">(DE-627)284050652</subfield>
   <subfield code="0">(DE-576)161214908</subfield>
   <subfield code="a">Grosz, George</subfield>
   <subfield code="d">1893-1959</subfield>
   <subfield code="2">gnd</subfield>
   <subfield code="7">(dpeaa)DE-631</subfield>
  </datafield>
  <datafield tag="600" ind1="1" ind2="7">
   <subfield code="0">(DE-588)118506617</subfield>
   <subfield code="0">(DE-627)136353347</subfield>
   <subfield code="0">(DE-576)160172802</subfield>
   <subfield code="a">Barlach, Ernst</subfield>
   <subfield code="d">1870-1938</subfield>
   <subfield code="2">gnd</subfield>
   <subfield code="7">(dpeaa)DE-631</subfield>
  </datafield>
  <datafield tag="600" ind1="1" ind2="7">
   <subfield code="0">(DE-588)118978403</subfield>
   <subfield code="0">(DE-627)079759270</subfield>
   <subfield code="0">(DE-576)210592974</subfield>
   <subfield code="a">Herrmann, Otto</subfield>
   <subfield code="d">1899-1995</subfield>
   <subfield code="2">gnd</subfield>
   <subfield code="7">(dpeaa)DE-631</subfield>
  </datafield>
  <datafield tag="610" ind1="2" ind2="7">
   <subfield code="0">(DE-588)2022557-X</subfield>
   <subfield code="0">(DE-627)102102554</subfield>
   <subfield code="0">(DE-576)191754676</subfield>
   <subfield code="a">Staatsgalerie Stuttgart</subfield>
   <subfield code="2">gnd</subfield>
   <subfield code="7">(dpeaa)DE-631</subfield>
  </datafield>
  <datafield tag="650" ind1=" " ind2="0">
   <subfield code="a">Art, German</subfield>
   <subfield code="y">20th century</subfield>
   <subfield code="v">Exhibitions</subfield>
  </datafield>
  <datafield tag="650" ind1=" " ind2="0">
   <subfield code="a">Drawing, German</subfield>
   <subfield code="y">20th century</subfield>
   <subfield code="v">Exhibitions</subfield>
  </datafield>
  <datafield tag="651" ind1=" " ind2="7">
   <subfield code="0">(DE-588)4058282-6</subfield>
   <subfield code="0">(DE-627)106147811</subfield>
   <subfield code="0">(DE-576)209125608</subfield>
   <subfield code="a">Stuttgart</subfield>
   <subfield code="2">gnd</subfield>
   <subfield code="7">(dpeaa)DE-631</subfield>
  </datafield>
  <datafield tag="655" ind1=" " ind2="7">
   <subfield code="a">Ausstellungskatalog</subfield>
   <subfield code="y">2011</subfield>
   <subfield code="z">Stuttgart</subfield>
   <subfield code="0">(DE-588)4135467-9</subfield>
   <subfield code="0">(DE-627)10566491X</subfield>
   <subfield code="0">(DE-576)209660988</subfield>
   <subfield code="2">gnd-content</subfield>
  </datafield>
  <datafield tag="655" ind1=" " ind2="7">
   <subfield code="a">Ausstellungskatalog</subfield>
   <subfield code="x">Staatsgalerie Stuttgart</subfield>
   <subfield code="y">30.04.-07.08.2011</subfield>
   <subfield code="0">(DE-588)4135467-9</subfield>
   <subfield code="0">(DE-627)10566491X</subfield>
   <subfield code="0">(DE-576)209660988</subfield>
   <subfield code="2">gnd-content</subfield>
  </datafield>
  <datafield tag="689" ind1="0" ind2="0">
   <subfield code="d">p</subfield>
   <subfield code="0">(DE-588)118564943</subfield>
   <subfield code="0">(DE-627)141646128</subfield>
   <subfield code="0">(DE-576)208994238</subfield>
   <subfield code="a">Kollwitz, Käthe</subfield>
   <subfield code="d">1867-1945</subfield>
   <subfield code="2">gnd</subfield>
  </datafield>
  <datafield tag="689" ind1="0" ind2="1">
   <subfield code="d">p</subfield>
   <subfield code="0">(DE-588)118508210</subfield>
   <subfield code="0">(DE-627)189527722</subfield>
   <subfield code="0">(DE-576)160220440</subfield>
   <subfield code="a">Beckmann, Max</subfield>
   <subfield code="d">1884-1950</subfield>
   <subfield code="2">gnd</subfield>
  </datafield>
  <datafield tag="689" ind1="0" ind2="2">
   <subfield code="d">p</subfield>
   <subfield code="0">(DE-588)118526103</subfield>
   <subfield code="0">(DE-627)079327265</subfield>
   <subfield code="0">(DE-576)160747902</subfield>
   <subfield code="a">Dix, Otto</subfield>
   <subfield code="d">1891-1969</subfield>
   <subfield code="2">gnd</subfield>
  </datafield>
  <datafield tag="689" ind1="0" ind2="3">
   <subfield code="d">p</subfield>
   <subfield code="0">(DE-588)118542672</subfield>
   <subfield code="0">(DE-627)284050652</subfield>
   <subfield code="0">(DE-576)161214908</subfield>
   <subfield code="a">Grosz, George</subfield>
   <subfield code="d">1893-1959</subfield>
   <subfield code="2">gnd</subfield>
  </datafield>
  <datafield tag="689" ind1="0" ind2="4">
   <subfield code="d">s</subfield>
   <subfield code="0">(DE-588)4021845-4</subfield>
   <subfield code="0">(DE-627)106311913</subfield>
   <subfield code="0">(DE-576)20894026X</subfield>
   <subfield code="a">Grafik</subfield>
   <subfield code="2">gnd</subfield>
  </datafield>
  <datafield tag="689" ind1="0" ind2="5">
   <subfield code="d">s</subfield>
   <subfield code="0">(DE-588)4136410-7</subfield>
   <subfield code="0">(DE-627)105657654</subfield>
   <subfield code="0">(DE-576)209668946</subfield>
   <subfield code="a">Krieg</subfield>
   <subfield code="g">Motiv</subfield>
   <subfield code="2">gnd</subfield>
  </datafield>
  <datafield tag="689" ind1="0" ind2=" ">
   <subfield code="5">(DE-627)</subfield>
  </datafield>
  <datafield tag="700" ind1="1" ind2=" ">
   <subfield code="a">Höper, Corinna</subfield>
   <subfield code="d">1958-</subfield>
   <subfield code="e">VerfasserIn</subfield>
   <subfield code="0">(DE-588)123890144</subfield>
   <subfield code="0">(DE-627)085504793</subfield>
   <subfield code="0">(DE-576)164472479</subfield>
   <subfield code="4">aut</subfield>
  </datafield>
  <datafield tag="700" ind1="1" ind2=" ">
   <subfield code="a">Kollwitz, Käthe</subfield>
   <subfield code="d">1867-1945</subfield>
   <subfield code="e">KünstlerIn</subfield>
   <subfield code="0">(DE-588)118564943</subfield>
   <subfield code="0">(DE-627)141646128</subfield>
   <subfield code="0">(DE-576)208994238</subfield>
   <subfield code="4">art</subfield>
  </datafield>
  <datafield tag="710" ind1="2" ind2=" ">
   <subfield code="a">Staatsgalerie Stuttgart</subfield>
   <subfield code="e">Herausgebendes Organ</subfield>
   <subfield code="0">(DE-588)2022557-X</subfield>
   <subfield code="0">(DE-627)102102554</subfield>
   <subfield code="0">(DE-576)191754676</subfield>
   <subfield code="4">isb</subfield>
  </datafield>
  <datafield tag="711" ind1="2" ind2=" ">
   <subfield code="a">Ausstellung Kollwitz - Beckmann - Dix - Grosz. Kriegszeit</subfield>
   <subfield code="d">2011</subfield>
   <subfield code="c">Stuttgart</subfield>
   <subfield code="0">(DE-588)16158309-X</subfield>
   <subfield code="0">(DE-627)660710110</subfield>
   <subfield code="0">(DE-576)345052935</subfield>
   <subfield code="4">oth</subfield>
  </datafield>
  <datafield tag="787" ind1="0" ind2="8">
   <subfield code="i">Rezensiert in</subfield>
   <subfield code="a">Klöckner, Clemens</subfield>
   <subfield code="t">[Rezension von: Staatsgalerie Stuttgart (Hrsg.), Kollwitz - Beckmann - Dix - Grosz. Kriegszeit]</subfield>
   <subfield code="d">2012</subfield>
   <subfield code="w">(DE-627)1806409690</subfield>
  </datafield>
  <datafield tag="856" ind1="4" ind2="2">
   <subfield code="u">http://www.gbv.de/dms/weimar/toc/645104205_toc.pdf</subfield>
   <subfield code="m">V:DE-601</subfield>
   <subfield code="m">B:DE-Wim2</subfield>
   <subfield code="q">pdf/application</subfield>
   <subfield code="x">Verlag</subfield>
   <subfield code="y">Inhaltsverzeichnis</subfield>
   <subfield code="3">Inhaltsverzeichnis</subfield>
  </datafield>
  <datafield tag="856" ind1="4" ind2="2">
   <subfield code="u">http://deposit.dnb.de/cgi-bin/dokserv?id=3658168&amp;prov=M&amp;dok_var=1&amp;dok_ext=htm</subfield>
   <subfield code="m">X:MVB</subfield>
   <subfield code="q">text/html</subfield>
   <subfield code="x">Verlag</subfield>
   <subfield code="3">Inhaltstext</subfield>
  </datafield>
  <datafield tag="856" ind1="4" ind2="2">
   <subfield code="u">https://swbplus.bsz-bw.de/bsz343441055rez.htm</subfield>
   <subfield code="m">B:DE-576;DE-16</subfield>
   <subfield code="q">application/pdf</subfield>
   <subfield code="v">20120321160152</subfield>
   <subfield code="x">Verlag</subfield>
   <subfield code="3">Rezension</subfield>
  </datafield>
  <datafield tag="856" ind1="4" ind2="2">
   <subfield code="u">http://www.literaturkritik.de/public/rezension.php?rez_id=16047</subfield>
   <subfield code="x">Verlag</subfield>
   <subfield code="3">Rezension</subfield>
  </datafield>
  <datafield tag="856" ind1="4" ind2="2">
   <subfield code="u">http://www.sehepunkte.de/2012/03/20076.html</subfield>
   <subfield code="x">Verlag</subfield>
   <subfield code="3">Rezension</subfield>
  </datafield>
  <datafield tag="889" ind1=" " ind2=" ">
   <subfield code="w">(DE-576)471088285</subfield>
  </datafield>
  <datafield tag="935" ind1=" " ind2=" ">
   <subfield code="a">BWLB</subfield>
  </datafield>
  <datafield tag="935" ind1=" " ind2=" ">
   <subfield code="i">Blocktest</subfield>
  </datafield>
  <datafield tag="936" ind1="r" ind2="v">
   <subfield code="a">LH 38720</subfield>
   <subfield code="b">Stuttgart</subfield>
   <subfield code="k">Kunstgeschichte</subfield>
   <subfield code="k">Allgemeines. Allgemeine Kunstgeschichte</subfield>
   <subfield code="k">Museumskunde. Museumskataloge</subfield>
   <subfield code="k">Kataloge einzelner Museen; Schrifttum über einzelne Museen</subfield>
   <subfield code="k">Orte S</subfield>
   <subfield code="k">Stuttgart</subfield>
   <subfield code="0">(DE-627)1270636294</subfield>
   <subfield code="0">(DE-625)rvk/93301:</subfield>
   <subfield code="0">(DE-576)200636294</subfield>
  </datafield>
  <datafield tag="936" ind1="r" ind2="v">
   <subfield code="a">LH 84380</subfield>
   <subfield code="b">Krieg</subfield>
   <subfield code="k">Kunstgeschichte</subfield>
   <subfield code="k">Allgemeines. Allgemeine Kunstgeschichte</subfield>
   <subfield code="k">Kunstgeschichte einzelner Gattungen der Kunst</subfield>
   <subfield code="k">Ikonographie, Ikonologie</subfield>
   <subfield code="k">Weltliche Ikonographie</subfield>
   <subfield code="k">Der Mensch</subfield>
   <subfield code="k">Die Stände</subfield>
   <subfield code="k">Krieg</subfield>
   <subfield code="0">(DE-627)1345093756</subfield>
   <subfield code="0">(DE-625)rvk/95300:</subfield>
   <subfield code="0">(DE-576)275093751</subfield>
  </datafield>
  <datafield tag="936" ind1="r" ind2="v">
   <subfield code="a">LK 85390</subfield>
   <subfield code="b">20. Jahrhundert</subfield>
   <subfield code="k">Kunstgeschichte</subfield>
   <subfield code="k">Kunst nach Ländern bzw. Kontinenten</subfield>
   <subfield code="k">Deutschland</subfield>
   <subfield code="k">Deutsche Kunstgeschichte nach Gattungen</subfield>
   <subfield code="k">Zeichnung und Grafik</subfield>
   <subfield code="k">Einzelne Epochen</subfield>
   <subfield code="k">19. und 20. Jahrhundert</subfield>
   <subfield code="k">20. Jahrhundert</subfield>
   <subfield code="k">20. Jahrhundert</subfield>
   <subfield code="0">(DE-627)1270637789</subfield>
   <subfield code="0">(DE-625)rvk/98574:</subfield>
   <subfield code="0">(DE-576)200637789</subfield>
  </datafield>
  <datafield tag="936" ind1="r" ind2="v">
   <subfield code="a">LH 48720</subfield>
   <subfield code="b">Stuttgart</subfield>
   <subfield code="k">Kunstgeschichte</subfield>
   <subfield code="k">Allgemeines. Allgemeine Kunstgeschichte</subfield>
   <subfield code="k">Ausstellungswesen, Ausstellungskataloge</subfield>
   <subfield code="k">Ausstellungskataloge</subfield>
   <subfield code="k">Orte S</subfield>
   <subfield code="k">Stuttgart</subfield>
   <subfield code="0">(DE-627)1271479877</subfield>
   <subfield code="0">(DE-625)rvk/93708:</subfield>
   <subfield code="0">(DE-576)201479877</subfield>
  </datafield>
  <datafield tag="936" ind1="b" ind2="k">
   <subfield code="a">21.32</subfield>
   <subfield code="j">Geschichte der Graphik</subfield>
   <subfield code="0">(DE-627)106405756</subfield>
  </datafield>
  <datafield tag="936" ind1="b" ind2="k">
   <subfield code="a">20.31</subfield>
   <subfield code="j">Bildende Künstler</subfield>
   <subfield code="0">(DE-627)181571080</subfield>
  </datafield>
  <datafield tag="936" ind1="b" ind2="k">
   <subfield code="a">20.26</subfield>
   <subfield code="j">Geschichte</subfield>
   <subfield code="x">Ikonographie</subfield>
   <subfield code="0">(DE-627)106423630</subfield>
  </datafield>
  <datafield tag="951" ind1=" " ind2=" ">
   <subfield code="a">BO</subfield>
  </datafield>
  <datafield tag="990" ind1=" " ind2=" ">
   <subfield code="a">Kollwitz, Käthe</subfield>
  </datafield>
  <datafield tag="990" ind1=" " ind2=" ">
   <subfield code="a">Beckmann, Max</subfield>
  </datafield>
  <datafield tag="990" ind1=" " ind2=" ">
   <subfield code="a">Dix, Otto</subfield>
  </datafield>
  <datafield tag="990" ind1=" " ind2=" ">
   <subfield code="a">Grosz, George</subfield>
  </datafield>
  <datafield tag="990" ind1=" " ind2=" ">
   <subfield code="a">Grafik</subfield>
  </datafield>
  <datafield tag="990" ind1=" " ind2=" ">
   <subfield code="a">Krieg</subfield>
  </datafield>
  <datafield tag="991" ind1=" " ind2=" ">
   <subfield code="a">Rezensiertes Werk</subfield>
  </datafield>
  <datafield tag="999" ind1=" " ind2=" ">
   <subfield code="a">KXP-PPN645104205</subfield>
   <subfield code="e">416396505X</subfield>
  </datafield>
 </record>
</collection>
